La Catalunya dels seixanta / Josep M. Huertas, Jaume Fabre i Guillem Huertas
ISBN:
84-96521-41-9
Descripción Física:
269 p. : il. ; 29 cm
Colección:
Catalunya en blanc i negre ; 6
MARC
| LEADER | 00000nam a2200000Ia 4500 | ||
|---|---|---|---|
| 001 | 18139 | ||
| 008 | 160829s2006 xx 000 0 cat d | ||
| 020 | |a 84-96521-41-9 | ||
| 080 | |a H-2-341 | ||
| 100 | |a Huertas, Josep M. |q (Josep Maria), |d 1939-2007 |9 27140 | ||
| 245 | |a La Catalunya dels seixanta / Josep M. Huertas, Jaume Fabre i Guillem Huertas | ||
| 260 | |a Barcelona : |b Angle Editorial, |c 2006 | ||
| 300 | |a 269 p. : |b il. ; |c 29 cm | ||
| 490 | |a Catalunya en blanc i negre ; 6 | ||
| 590 | |a Bibliografia | ||
| 650 | |a Catalunya |x S. XX |9 23362 | ||
| 650 | |a Franquisme |x Catalunya |9 39962 | ||
| 700 | |a Fabre, Jaume |9 33207 | ||
| 700 | |a Huertas, Guillem |9 23365 | ||
| 901 | |a Arxiu | ||
| 942 | |n 1 | ||
| 952 | |0 0 |1 0 |4 0 |6 H2341 |7 1 |9 42680 |a Arxiu |b Arxiu |d 2016-12-01 |l 0 |o H-2-341 |p 18139 |r 2016-12-01 00:00:00 |w 2016-12-01 |y ARXIU | ||
| 999 | |c 45186 |d 45186 | ||